Default Things - Statistics

General Stats
  • This quiz has been taken 133 times
  • The average score is 13 of 16
Answer Stats
Category Answer % Correct
Fruit Apple
99%
Soda Coca Cola
95%
Farm Animal Cow
93%
Japanese City Tokyo
93%
Ice Cream Vanilla
93%
Dinosaur Tyrannosaurus Rex
90%
Greek God Zeus
87%
Browser Google
86%
Gemstone Diamond
84%
Wild Cat Lion
82%
Pizza Topping Pepperoni
82%
Condiment Ketchup
78%
Cookie Chocolate Chip
77%
Avenger Iron Man
76%
Insect Ant
71%
Cartoon Mickey Mouse
38%
No matching quizzes found
Score Distribution
Percent of People with Each Score
Percentile by Number Answered
Your Score History
You have not taken this quiz